| 000 | 01390nam a2200289 i 4500 | ||
|---|---|---|---|
| 001 | 158594 | ||
| 003 | ES-MaACL | ||
| 005 | 20240228204516.0 | ||
| 008 | 990311s1892 sp |||| | spa d | ||
| 080 | _a821.134.2-14"15" | ||
| 100 | 1 |
_aMaluenda, Antonio de. _9129400 |
|
| 245 | 1 | 0 |
_aAlgunas rimas castellanas del abad Antonio de Maluenda / _cdescubriólas entre los manuscritos de la Biblioteca Nacional de Madrid Juan Pérez de Guzmán y Gallo ; y los publica por vez primera, bajo los auspicios del Señor Manuel Pérez de Guzmán y Boza, marqués de Xerez de los Caballeros ... |
| 260 |
_aSevilla : _b[s.n.], _c1892 ( _fImp. de E. Rasco) |
||
| 300 |
_aLX, 151 p. ; _c18 cm. |
||
| 490 | 1 | _aBajo los Austrias. Poemas castellanos inéditos | |
| 530 | _aDisponible en formato digital. | ||
| 595 | _aEjempl. n. 63 de una tirada de 100. | ||
| 596 | _aMarca tip. en colofón. | ||
| 597 | _aAntep. | ||
| 597 | _aPort. con esc. xil. | ||
| 700 | 1 |
_aPérez de Guzmán y Boza, Manuel, _cMarqués de Jerez de los Caballeros. _9128298 |
|
| 700 | 1 |
_aPérez de Guzmán y Gallo, Juan, _d1841-1928 _990777 |
|
| 830 | 0 |
_aBajo los Austrias. Poemas castellanos inéditos _9221873 |
|
| 852 |
_aES-MaACL _jG-14727 _z- Enc. perg. _z- Es el ejemplar n. 23 |
||
| 856 |
_uhttp://bdh-rd.bne.es/viewer.vm?id=0000121394&page=1 _zBiblioteca Digital Hispánica |
||
| 999 |
_c158594 _d158594 |
||